Marques de chocolats par images - Statistiques

Statistiques générales
  • Ce quiz a été pris 141 fois
  • Le résultat moyen est 10 sur 16
Statistiques - réponses
Par images Réponse % Correct
Kinder Bueno
98%
Milka
98%
KitKat
97%
Côte d'Or
85%
Toblerone
85%
Twix
83%
Kinder Country
79%
Lindt
79%
Sneakers
79%
Crunch
75%
Milky Way
56%
Reese's
54%
Balisto
49%
Hershey's
22%
Ritter Sport
8%
Toni's Chocolonely
2%
Aucun quiz correspondant
Distribution des résultats
% des personnes avec chaque résultat
Percentile par nombre de réponses
Votre historique - résultats
Vous n’avez pas pris ce quiz